| 000 | 00677cam a22002291 4500 | ||
|---|---|---|---|
| 001 | 4550491 | ||
| 005 | 20170619150143.0 | ||
| 008 | 721116s1964 sj ad 000 0 eng | ||
| 010 | _a 71981172 | ||
| 040 |
_aDLC _cDLC _dDLC _dWaU |
||
| 043 |
_af-sj--- _amr----- |
||
| 050 | 0 | 0 |
_aQL622 _b.R43 |
| 100 | 1 | _aReed, William. | |
| 245 | 0 | 0 | _aRed Sea fisheries of Sudan. |
| 260 |
_a[Khartoum] _bGame and Fisheries Section, Ministry of Animal Resources _c[1964] |
||
| 300 |
_a116 p. _billus., chart. _c25 cm. |
||
| 650 | 0 |
_aFishes _zRed Sea. |
|
| 650 | 0 |
_aFisheries _zSudan. |
|
| 650 | 0 |
_aFisheries _zRed Sea. |
|
| 906 |
_a7 _bcbc _corignew _d1 _encip _f19 _gy-gencatlg |
||
| 942 | _2ddc | ||
| 999 |
_c63848 _d63822 |
||